[Event "USCL Week 6"]
[Site "Internet Chess Club"]
[Date "2012.10.09"]
[Round "?"]
[White "Korley, Kassa"]
[Black "Riordan, Charles"]
[Result "0-1"]
[WhiteElo "2353"]
[BlackElo "2438"]
[PlyCount "68"]
[EventDate "2012.??.??"]

1. g3 d5 2. Bg2 e5 3. d3 g6 4. Nf3 Bg7 5. O-O Ne7 6. e4 O-O 7. exd5 Nxd5 8. Re1
Nc6 9. Nbd2 Re8 10. c3 h6 11. Nc4 Nb6 12. Ne3 Be6 13. a4 a5 14. Qc2 Qd7 15. Nd2
f5 16. Ndc4 Nxc4 17. dxc4 e4 18. Rd1 Qf7 19. Nd5 Ne5 20. Bf4 c6 21. Bxe5 Bxe5
22. Nb6 Rad8 23. Rxd8 Rxd8 24. Rd1 Qc7 25. c5 Rxd1+ 26. Qxd1 Qe7 27. Qd2 Qxc5
28. Qxh6 Kf7 29. Qe3 Qxe3 30. fxe3 Bc7 31. Na8 Bd8 32. b4 b6 33. Bf1 c5 34.
bxc5 bxc5 0-1

[Event "USCL Week 6"]
[Site "Internet Chess Club"]
[Date "2012.10.09"]
[Round "?"]
[White "Rodriguez, Eric"]
[Black "Sarkar, Justin"]
[Result "1/2-1/2"]
[WhiteElo "2383"]
[BlackElo "2483"]
[PlyCount "79"]
[EventDate "2012.??.??"]

1. d4 Nf6 2. c4 e6 3. Nf3 d5 4. g3 Bb4+ 5. Nc3 dxc4 6. Bg2 O-O 7. O-O Nc6 8.
Bg5 h6 9. Bxf6 Qxf6 10. Ne4 Qf5 11. Qc2 Be7 12. Rac1 Bd7 13. Qb1 Na5 14. b4
cxb3 15. Rxc7 Bc6 16. Ne5 bxa2 17. Qc2 Bd8 18. g4 Qh7 19. Nxc6 Bxc7 20. Ne7+
Kh8 21. Qxc7 Nb3 22. Qc3 a1=Q 23. Rxa1 Nxa1 24. Qxa1 Rfe8 25. Qa3 Rad8 26. d5
exd5 27. Ng3 Qb1+ 28. Bf1 d4 29. g5 d3 30. gxh6 dxe2 31. hxg7+ Kxg7 32. Ngf5+
Kf6 33. Qc3+ Ke6 34. Qc4+ Kd7 35. Qd5+ Kc7 36. Qe5+ Kb6 37. Qe3+ Kc7 38. Qe5+
Kb6 39. Qe3+ Kc7 40. Qe5+ 1/2-1/2

[Event "USCL Week 6"]
[Site "Internet Chess Club"]
[Date "2012.10.09"]
[Round "?"]
[White "Jones, Craig"]
[Black "Goldberg, Ben"]
[Result "1-0"]
[WhiteElo "2249"]
[BlackElo "2233"]
[PlyCount "85"]
[EventDate "2012.??.??"]

1. Nf3 e6 2. e4 d5 3. exd5 exd5 4. d4 Nc6 5. Bb5 Bd6 6. c4 dxc4 7. O-O Bd7 8.
Bxc4 Qf6 9. Nc3 Nge7 10. Ne4 Qg6 11. Nfg5 O-O 12. Nxd6 cxd6 13. d5 Ne5 14. Be2
Rac8 15. f4 Nc4 16. Bxc4 Rxc4 17. Qe2 Rxc1 18. Raxc1 Nxd5 19. Qe4 Bc6 20. Qxg6
hxg6 21. g3 Nb4 22. a3 Nd3 23. Rc2 Nc5 24. Rd2 f6 25. Nf3 Re8 26. Re1 Rxe1+ 27.
Nxe1 Ne4 28. Rd4 Kf7 29. Nd3 Ke6 30. Nb4 Nc5 31. Nxc6 bxc6 32. b4 Na4 33. Re4+
Kd7 34. Kf2 Nc3 35. Rc4 Nb1 36. a4 Nd2 37. Rd4 Nb3 38. Rd3 Nc1 39. Ra3 c5 40.
bxc5 dxc5 41. Rc3 Na2 42. Rxc5 Nb4 43. Rb5 1-0

[Event "USCL Week 6"]
[Site "Internet Chess Club"]
[Date "2012.10.09"]
[Round "?"]
[White "Balakrishnan, Praveen"]
[Black "Larson, Matthew"]
[Result "0-1"]
[WhiteElo "2097"]
[BlackElo "1918"]
[PlyCount "68"]
[EventDate "2012.??.??"]

1. e4 c5 2. Nf3 d6 3. d3 Nc6 4. g3 g6 5. Bg2 Bg7 6. O-O e5 7. c3 Nge7 8. a3 a5
9. a4 O-O 10. Na3 h6 11. Nb5 Be6 12. Re1 d5 13. exd5 Nxd5 14. Nd2 Qe7 15. Nc4
Rad8 16. Qe2 g5 17. h3 f5 18. f4 gxf4 19. gxf4 Qh4 20. Nxe5 Nxe5 21. fxe5 f4
22. Qf2 Qg5 23. Kh2 Nxc3 24. Nxc3 Rxd3 25. Ne4 Qh5 26. h4 Bxe5 27. Kh1 Rg3 28.
Bf1 Bd5 29. Qh2 Rg4 30. Bh3 Rxh4 31. Qg2+ Kh8 32. Kg1 Rxh3 33. Kf1 Rh1+ 34. Kf2
Bd4+ 0-1

[Event "USCL Week 6"]
[Site "Internet Chess Club"]
[Date "2012.10.09"]
[Round "?"]
[White "Rosenthal, Nicholas"]
[Black "Colas, Joshua"]
[Result "1/2-1/2"]
[WhiteElo "2146"]
[BlackElo "2376"]
[PlyCount "208"]
[EventDate "2012.??.??"]

1. e4 c5 2. Nf3 e6 3. d3 Nc6 4. c3 d5 5. Nbd2 g6 6. g3 Bg7 7. Bg2 Nge7 8. O-O
O-O 9. Re1 b6 10. h4 a5 11. a3 Ba6 12. exd5 Nxd5 13. Nc4 Rc8 14. Nce5 Nxe5 15.
Nxe5 Ne7 16. d4 cxd4 17. cxd4 Bc4 18. Nxc4 Rxc4 19. Qb3 Rxd4 20. Be3 Rd6 21.
Rad1 Nf5 22. Rxd6 Qxd6 23. Rd1 Qe5 24. Bxb6 Qxb2 25. Qxb2 Bxb2 26. a4 Bc3 27.
Bf1 Rb8 28. Bc7 Rc8 29. Bb6 Bb4 30. Rd7 Rc6 31. Rb7 Kg7 32. Bb5 Rd6 33. Bc7
Rd1+ 34. Kg2 Bc3 35. Ra7 Bd4 36. Rxa5 Rd2 37. Kh3 Rxf2 38. Ra8 h5 39. Rd8 Bf6
40. Rd7 Nh6 41. Bb6 Rb2 42. Bg1 Ng4 43. Bf1 Ne5 44. Rd1 Nf3 45. Bg2 Nxg1+ 46.
Rxg1 Ra2 47. Bc6 Bd4 48. Rg2 Ra3 49. Re2 e5 50. Kg2 f5 51. Rd2 Kf6 52. Bb5 g5
53. Rc2 gxh4 54. gxh4 e4 55. Rc6+ Ke5 56. Rh6 Ra2+ 57. Kh3 Be3 58. Re6+ Kf4 59.
Rg6 Bf2 60. Rg5 e3 61. Bd3 Ke5 62. Rxf5+ Kd4 63. Bb5 Rb2 64. Rxh5 Kc3 65. Re5
Rb1 66. h5 Kd4 67. Re8 Rh1+ 68. Kg4 Rg1+ 69. Kf5 Rh1 70. Kg6 Rg1+ 71. Kh7 Rh1
72. h6 Bg3 73. Re6 Kd5 74. Rg6 Bd6 75. Kg8 Rc1 76. Rf6 Be5 77. Rf3 Ke4 78. Rh3
Rc2 79. Rh4+ Kf3 80. Rh5 Bb2 81. Rh3+ Kf4 82. Rh1 Kf3 83. Rf1+ Kg2 84. Re1 Kf2
85. Rf1+ Kg2 86. Kf7 Rc7+ 87. Kg6 Ra7 88. Re1 Kf3 89. Rf1+ Kg2 90. Rb1 Bh8 91.
Rb4 Kf2 92. Rf4+ Kg3 93. Rf8 Bb2 94. h7 Rxa4 95. Bxa4 e2 96. Re8 Kf2 97. Rf8+
Kg3 98. Re8 Kf2 99. Rb8 Bc3 100. Rf8+ Kg3 101. Re8 Kf2 102. Bb5 e1=Q 103. Rxe1
Kxe1 104. h8=Q Bxh8 1/2-1/2

[Event "USCL Week 6"]
[Site "Internet Chess Club"]
[Date "2012.10.09"]
[Round "?"]
[White "Bregadze, Levan"]
[Black "Kapengut, Albert"]
[Result "1-0"]
[WhiteElo "2416"]
[BlackElo "2367"]
[PlyCount "67"]
[EventDate "2012.??.??"]

1. Nf3 c5 2. e4 Nc6 3. d4 cxd4 4. Nxd4 Nf6 5. Nc3 d6 6. Be2 g6 7. O-O Bg7 8.
Nb3 Be6 9. Bg5 a5 10. Bb5 O-O 11. Re1 h6 12. Bc1 Nd7 13. Bxc6 bxc6 14. Nd4 Qc8
15. Nxe6 fxe6 16. Qe2 Kh7 17. Bd2 Bd4 18. Nd1 e5 19. Be3 Nc5 20. f3 Qa6 21. Qd2
Ne6 22. Kh1 h5 23. a4 Rab8 24. Rb1 Rb4 25. b3 Rfb8 26. Rc1 Bxe3 27. Nxe3 Nc5
28. g4 h4 29. Nf5 gxf5 30. gxf5 Nxe4 31. fxe4 Rg8 32. Qf2 Rg4 33. Qf3 Rg5 34.
Rg1 1-0

[Event "USCL Week 6"]
[Site "Internet Chess Club"]
[Date "2012.10.09"]
[Round "?"]
[White "Yedidia, Jonathan"]
[Black "Simpson, Ron"]
[Result "1/2-1/2"]
[WhiteElo "2433"]
[BlackElo "2288"]
[PlyCount "112"]
[EventDate "2012.??.??"]

1. d4 Nf6 2. c4 e6 3. Nc3 Bb4 4. e3 O-O 5. Bd3 c5 6. Nf3 cxd4 7. exd4 d5 8. O-O
dxc4 9. Bxc4 Nc6 10. a3 Be7 11. Re1 a6 12. Ba2 b5 13. d5 exd5 14. Nxd5 Nxd5 15.
Bxd5 Bb7 16. Ne5 Rc8 17. Nd7 Bb4 18. Nxf8 Bxe1 19. Ne6 Bxf2+ 20. Kxf2 fxe6 21.
Bxe6+ Kh8 22. Qxd8+ Rxd8 23. Bg5 Rf8+ 24. Kg1 h6 25. Bd2 Nd4 26. Re1 Nxe6 27.
Rxe6 Rf7 28. Bc3 Kh7 29. h4 Bc8 30. Rc6 Bb7 31. Re6 Bc8 32. Rd6 Bb7 33. g4 Bc8
34. g5 hxg5 35. hxg5 Rf5 36. Bd2 Kg8 37. Rc6 Bb7 38. Rb6 Rd5 39. Bf4 Rd7 40.
Kf2 Kf8 41. Be5 Ke8 42. Bc3 Bc8 43. Ke3 Rb7 44. Rc6 Re7+ 45. Kf4 Re4+ 46. Kxe4
Bb7 47. Kd5 Kd7 48. Bxg7 Bxc6+ 49. Kc5 Be4 50. Kb6 Bd3 51. Kxa6 b4+ 52. Kb6
bxa3 53. bxa3 Kc8 54. Be5 Bc2 55. Kc6 Ba4+ 56. Kd6 Kb7 1/2-1/2

[Event "USCL Week 6"]
[Site "?"]
[Date "2012.10.10"]
[Round "?"]
[White "Sammour-Hasbun, Jorge"]
[Black "Khachiyan, Melikset"]
[Result "0-1"]
[WhiteElo "2615"]
[BlackElo "2628"]
[PlyCount "128"]
[EventDate "2012.??.??"]

1. e4 c5 2. Nf3 Nc6 3. d4 cxd4 4. Nxd4 g6 5. Nc3 Bg7 6. Be3 Nf6 7. Bc4 O-O 8.
Bb3 Qa5 9. O-O d6 10. h3 Nxd4 11. Bxd4 Be6 12. f4 Rac8 13. Qd3 Nd7 14. f5 Bxd4+
15. Qxd4 Bxb3 16. axb3 Qb6 17. Qxb6 axb6 18. Ra7 Rb8 19. Nd5 Rfe8 20. f6 exf6
21. Rxf6 Re6 22. Rxe6 fxe6 23. Ne7+ Kf8 24. Nc6 Rc8 25. Rxb7 Rxc6 26. Rxd7 Rxc2
27. Rxd6 Ke7 28. Rxb6 Kf6 29. Kh2 Rxb2 30. Kg3 g5 31. Kf3 h5 32. Rb8 Rc2 33.
Rb5 Rc3+ 34. Kf2 Rc2+ 35. Kf3 Rc3+ 36. Ke2 Rc2+ 37. Kf1 h4 38. b4 Rc4 39. Rb8
Rxe4 40. b5 Rb4 41. b6 Ke5 42. Ke2 Ke4 43. Kd2 e5 44. Kc3 Rb1 45. Kc2 Rb5 46.
Kd2 Kf4 47. b7 Kg3 48. Rg8 Rxb7 49. Rxg5+ Kf2 50. Rg4 Rd7+ 51. Kc3 Ke3 52. Rxh4
e4 53. Kc4 Rd4+ 54. Kc3 Rd8 55. Kc2 Rd2+ 56. Kc3 Rxg2 57. Rh8 Rg7 58. h4 Rc7+
59. Kb2 Kd2 60. h5 Rb7+ 61. Ka3 e3 62. h6 e2 63. Rd8+ Ke1 64. Re8 Rf7 0-1

[Event "USCL Week 6"]
[Site "?"]
[Date "2012.10.10"]
[Round "?"]
[White "Kiewra, Keaton"]
[Black "Zierk, Steven"]
[Result "1-0"]
[WhiteElo "2436"]
[BlackElo "2527"]
[PlyCount "135"]
[EventDate "2012.??.??"]

1. e4 e6 2. d4 d5 3. Nd2 Nf6 4. e5 Nfd7 5. c3 c5 6. Bd3 Nc6 7. Ne2 cxd4 8. cxd4
f6 9. exf6 Nxf6 10. O-O Bd6 11. Nf3 O-O 12. Bf4 Bxf4 13. Nxf4 Ne4 14. Qc1 Qf6
15. Ne2 e5 16. dxe5 Nxe5 17. Nxe5 Qxe5 18. f3 Nf6 19. Qc3 Qd6 20. Qd4 Bd7 21.
Rac1 b6 22. Rc2 Rac8 23. Rfc1 Rxc2 24. Rxc2 Rc8 25. Rxc8+ Bxc8 26. b4 Bd7 27.
Nc3 Bc6 28. Bc2 h6 29. Bb3 Kh8 30. Nd1 Qd7 31. Ne3 Ba4 32. g4 Bxb3 33. axb3 Qb5
34. Kf2 Qc6 35. h4 Qd6 36. Kg2 Qc7 37. Nf5 h5 38. Ne3 hxg4 39. Nxg4 Qc2+ 40.
Kg1 Nxg4 41. Qxg4 Qc6 42. Kf2 Kg8 43. Qf5 Qd6 44. Ke3 Qe7+ 45. Kd3 Qd6 46. h5
Kh8 47. b5 Qc5 48. Qd7 d4 49. Qc6 Qxh5 50. Kxd4 Qh4+ 51. Ke5 Qe7+ 52. Kd5 Kh7
53. Qc2+ Kg8 54. Qc4 Qd7+ 55. Ke5+ Kh8 56. Qc6 Qe7+ 57. Kd5 Qf7+ 58. Kd6 Qxb3
59. Kc7 Qf7+ 60. Kb8 Qe7 61. Qd5 g6 62. Qc6 g5 63. Qc8+ Kg7 64. Qb7 Qxb7+ 65.
Kxb7 Kf6 66. Kxa7 Ke5 67. Kxb6 Kf4 68. Kc6 1-0

[Event "USCL Week 6"]
[Site "?"]
[Date "2012.10.10"]
[Round "?"]
[White "Korba, Nicky"]
[Black "Hanks, Joel"]
[Result "0-1"]
[WhiteElo "2007"]
[BlackElo "1982"]
[PlyCount "72"]
[EventDate "2012.??.??"]

1. e4 c5 2. Nf3 d6 3. d4 cxd4 4. Nxd4 Nf6 5. Nc3 a6 6. Bc4 e6 7. O-O b5 8. Bb3
Qc7 9. a3 Be7 10. f4 O-O 11. Qf3 Bb7 12. f5 e5 13. Nde2 Nbd7 14. Bg5 Nb6 15.
Bxf6 Bxf6 16. Ng3 Nc4 17. Bxc4 bxc4 18. Nh5 Qe7 19. Qg4 Kh8 20. Rf3 Rg8 21.
Raf1 Rad8 22. Rh3 Bg5 23. Nd5 Bxd5 24. exd5 f6 25. Ng3 Qa7+ 26. Kh1 Qb7 27. Ne4
Bh6 28. Qh4 Rgf8 29. Nf2 Qxb2 30. Qxc4 Rc8 31. Qxa6 Rxc2 32. Qxd6 Rfc8 33. Nd3
Qd4 34. Rg1 e4 35. Nf4 e3 36. Nh5 Rc1 0-1

[Event "USCL Week 6"]
[Site "?"]
[Date "2012.10.10"]
[Round "?"]
[White "Cozianu, Costin"]
[Black "Romanenko, Vladimir"]
[Result "1/2-1/2"]
[WhiteElo "2508"]
[BlackElo "2513"]
[PlyCount "102"]
[EventDate "2012.??.??"]

1. d4 f5 2. g3 Nf6 3. Bg2 e6 4. Nf3 d5 5. c4 Bb4+ 6. Bd2 Bxd2+ 7. Nbxd2 O-O 8.
Rc1 Nc6 9. e3 Qd6 10. a3 a5 11. O-O Ne4 12. Qc2 Bd7 13. Ne5 Nxe5 14. dxe5 Qxe5
15. cxd5 exd5 16. Qxc7 Qxc7 17. Rxc7 Bc6 18. Nf3 Rfc8 19. Rxc8+ Rxc8 20. Rc1
Kf7 21. Nd4 Bd7 22. Rxc8 Bxc8 23. f4 Ke7 24. Bxe4 dxe4 25. Kf2 Kd6 26. Ke2 Kc5
27. Kd2 Kc4 28. b3+ Kc5 29. Kc3 Bd7 30. Nc2 b6 31. Nd4 g6 32. b4+ axb4+ 33.
axb4+ Kd5 34. Kb3 h6 35. h4 h5 36. Ne2 Bb5 37. Nc3+ Kc6 38. Ka3 Bc4 39. Kb2 Bd3
40. Kb3 b5 41. Kb2 Kd6 42. Kc1 Kc6 43. Kd2 Bc4 44. Ke1 Kd6 45. Kd2 Kc6 46. Nd1
Kd5 47. Nc3+ Kc6 48. Nd1 Kd5 49. Nc3+ Kc6 50. Nd1 Kd5 51. Nc3+ Kc6 1/2-1/2

[Event "USCL Week 6"]
[Site "?"]
[Date "2012.10.10"]
[Round "?"]
[White "Schneider, Dmitry"]
[Black "Milat, Marcel"]
[Result "1/2-1/2"]
[WhiteElo "2522"]
[BlackElo "2358"]
[PlyCount "151"]
[EventDate "2012.??.??"]

1. e4 Nf6 2. e5 Nd5 3. d4 d6 4. c4 Nb6 5. exd6 exd6 6. Nc3 Be7 7. Bd3 O-O 8.
Nge2 Nc6 9. b3 Bg4 10. Qc2 Nb4 11. Bxh7+ Kh8 12. Qb1 g6 13. Bxg6 fxg6 14. Qxg6
Qe8 15. Qh6+ Kg8 16. O-O Bf6 17. Qd2 Qg6 18. f3 Bh3 19. Nf4 Bxd4+ 20. Qxd4 Rxf4
21. Qf2 Rf7 22. Ne4 Nd3 23. Qg3 Qxg3 24. Nxg3 Bd7 25. Be3 Re8 26. Bd4 c5 27.
Rad1 Nf4 28. Ba1 Ne2+ 29. Kf2 Nxg3 30. hxg3 Rfe7 31. Rd2 Bc6 32. Rc1 Re6 33. g4
R8e7 34. Rcd1 d5 35. cxd5 Nxd5 36. Rxd5 Re2+ 37. Kg3 Bxd5 38. Rxd5 Rxa2 39. Bf6
Ree2 40. Rd7 Rxg2+ 41. Kf4 Ra6 42. g5 Rxf6+ 43. gxf6 b5 44. Rxa7 c4 45. bxc4
bxc4 46. Rc7 Rf2 47. Ke3 Rc2 48. Ke4 Rf2 49. f4 c3 50. Rxc3 Kf7 51. Kf5 Ra2 52.
Rc7+ Kf8 53. Rb7 Ra1 54. Re7 Ra2 55. Rh7 Ra1 56. Rd7 Ra2 57. Rd5 Kf7 58. Rb5
Ra7 59. Kg5 Rc7 60. Re5 Rc1 61. Re7+ Kf8 62. Ra7 Rb1 63. Kf5 Rb2 64. Ke5 Re2+
65. Kf5 Rb2 66. Rh7 Ra2 67. Rb7 Ra1 68. Rd7 Ra2 69. f7 Ra6 70. Ke5 Rb6 71. f5
Ra6 72. Rb7 Rc6 73. Kf4 Rc1 74. Kg5 Rg1+ 75. Kf6 Rg6+ 76. fxg6 1/2-1/2

[Event "USCL Week 6"]
[Site "?"]
[Date "2012.10.10"]
[Round "?"]
[White "Sinanan, Joshua"]
[Black "Shvartsman, Andrew"]
[Result "1-0"]
[WhiteElo "2263"]
[BlackElo "2343"]
[PlyCount "83"]
[EventDate "2012.??.??"]

1. d4 Nf6 2. c4 g6 3. g3 Bg7 4. Bg2 O-O 5. Nc3 d6 6. Nf3 Nc6 7. O-O e5 8. d5
Ne7 9. e4 c6 10. a4 cxd5 11. cxd5 Ne8 12. Ne1 f5 13. Nd3 Nf6 14. f3 Bd7 15. Qb3
Rb8 16. Be3 b6 17. Nb5 Nc8 18. Nb4 Rb7 19. Nc6 Bxc6 20. dxc6+ Rbf7 21. Bh3 a6
22. Nc3 d5 23. Nxd5 Nxd5 24. Qxd5 Qxd5 25. exd5 Rd8 26. Rfd1 Bf8 27. Bf1 f4 28.
gxf4 exf4 29. Bf2 a5 30. Rac1 Bd6 31. Bh3 Re7 32. Kf1 Re5 33. Bxc8 Rxc8 34.
Bxb6 Rh5 35. Rc2 Kf7 36. Bxa5 Ra8 37. c7 Rc8 38. b4 Ke7 39. b5 Kd7 40. b6 Re5
41. b7 Rxc7 42. b8=Q 1-0

[Event "USCL Week 6"]
[Site "?"]
[Date "2012.10.10"]
[Round "?"]
[White "King, Alex"]
[Black "Lessler, Peter"]
[Result "1-0"]
[WhiteElo "2303"]
[BlackElo "2177"]
[PlyCount "81"]
[EventDate "2012.??.??"]

1. d4 Nf6 2. c4 c5 3. d5 b5 4. cxb5 a6 5. bxa6 g6 6. Nc3 Bxa6 7. g3 Bg7 8. Bg2
d6 9. Nf3 Nfd7 10. h4 h6 11. Bd2 Nb6 12. b3 O-O 13. Qc1 h5 14. Bh6 N8d7 15.
Bxg7 Kxg7 16. O-O Ra7 17. Qb2 Kg8 18. a4 Qa8 19. Rfd1 c4 20. a5 Nc8 21. b4 Rb7
22. Nd4 Na7 23. Rab1 Nb5 24. Nc6 Re8 25. Rdc1 e6 26. dxe6 fxe6 27. Nxb5 Bxb5
28. Nd4 d5 29. e4 Ne5 30. Nxb5 Nd3 31. Qf6 Rxb5 32. Qxg6+ Kf8 33. exd5 Nxc1 34.
Rxc1 exd5 35. Rxc4 dxc4 36. Bxa8 Rxa8 37. Qf6+ Kg8 38. Qe6+ Kg7 39. Qxc4 Rab8
40. a6 Rxb4 41. a7 1-0

[Event "USCL Week 6"]
[Site "?"]
[Date "2012.10.10"]
[Round "?"]
[White "Naroditsky, Daniel"]
[Black "Fisher, William"]
[Result "1/2-1/2"]
[WhiteElo "2559"]
[BlackElo "2445"]
[PlyCount "245"]
[EventDate "2012.??.??"]

1. Nf3 Nf6 2. g3 d5 3. Bg2 c6 4. O-O Bf5 5. c4 e6 6. cxd5 cxd5 7. Qb3 Qc8 8.
Nc3 Nc6 9. d3 Be7 10. Bf4 O-O 11. Nb5 a6 12. Nbd4 Bg4 13. Rac1 Bxf3 14. Nxc6
bxc6 15. Bxf3 c5 16. e4 Rd8 17. Be3 Rb8 18. Qc2 c4 19. Bf4 Rb6 20. dxc4 dxe4
21. Bg2 a5 22. b3 a4 23. Rcd1 Rxd1 24. Rxd1 axb3 25. axb3 Nd5 26. Be5 f5 27.
Bd4 Rb8 28. Bf1 Nb4 29. Qc3 Bf8 30. Be5 Rb6 31. Qe3 Rb7 32. Bc3 Bc5 33. Qg5 Nc6
34. Be2 e5 35. Rd5 Be7 36. Qd2 Rxb3 37. Rb5 Rxc3 38. Qxc3 Nd4 39. Qb2 Qc7 40.
Rd5 Bc5 41. Qa2 Kf7 42. Bd1 Ne6 43. Qa6 e3 44. fxe3 Bxe3+ 45. Kh1 Bb6 46. Ba4
Kf6 47. Qb5 Bc5 48. Rd7 Qc8 49. Qc6 Qb8 50. Rb7 Qd8 51. Qd7 Qxd7 52. Bxd7 Nd4
53. Be8 e4 54. Rf7+ Ke5 55. Rxg7 e3 56. Bh5 e2 57. Bxe2 Nxe2 58. Rxh7 Ke4 59.
Kg2 f4 60. Rf7 Bd6 61. Kf2 Nd4 62. gxf4 Nf5 63. Kg2 Kxf4 64. h4 Kg4 65. h5 Nh4+
66. Kf2 Kxh5 67. Rd7 Bc5+ 68. Kg3 Nf5+ 69. Kf4 Ne3 70. Ke4 Kg5 71. Rc7 Bb6 72.
Rc6 Nxc4 73. Rxc4 Bf2 74. Rc8 Bb6 75. Rb8 Bf2 76. Rg8+ Kh4 77. Kf4 Bd4 78. Rc8
Kh5 79. Kf5 Kh6 80. Rc4 Bb2 81. Rc6+ Kh7 82. Rc7+ Kh6 83. Ra7 Bg7 84. Ra6+ Kh7
85. Ra7 Kh6 86. Ra2 Bf8 87. Ra6+ Kh5 88. Ra8 Bg7 89. Ra2 Kh4 90. Ra7 Bb2 91.
Rb7 Ba3 92. Rc7 Bd6 93. Rd7 Bb8 94. Rd4+ Kg3 95. Rd3+ Kf2 96. Ke4 Kg1 97. Kf3
Kh1 98. Kf2 Ba7+ 99. Kg3 Bb8+ 100. Kf2 Ba7+ 101. Kf1 Bb8 102. Rb3 Bh2 103. Rb7
Bg3 104. Rh7+ Bh2 105. Rg7 Be5 106. Rg1+ Kh2 107. Rg5 Ba1 108. Rg2+ Kh3 109.
Ra2 Bg7 110. Kg1 Be5 111. Ra3+ Bg3 112. Ra8 Bh2+ 113. Kf2 Bd6 114. Kf3 Kh4 115.
Ra4+ Kh5 116. Ra6 Bc7 117. Rc6 Bb8 118. Rc8 Ba7 119. Kf4 Bd4 120. Kf5 Kh6 121.
Rc4 Ba1 122. Rc6+ Kh7 123. Ra6 1/2-1/2

[Event "USCL Week 6"]
[Site "?"]
[Date "2012.10.10"]
[Round "?"]
[White "Gorman, Dov"]
[Black "Lee, Andy"]
[Result "1/2-1/2"]
[WhiteElo "2327"]
[BlackElo "2300"]
[PlyCount "127"]
[EventDate "2012.??.??"]

1. Nf3 Nf6 2. g3 g6 3. Bg2 Bg7 4. O-O O-O 5. d4 d6 6. c3 Nbd7 7. Nbd2 e5 8. e4
b6 9. Re1 Bb7 10. b3 Re8 11. Qc2 exd4 12. cxd4 c5 13. e5 dxe5 14. dxe5 Nd5 15.
Bb2 Nb4 16. Qc3 Qc7 17. Nc4 Red8 18. a3 Nd5 19. Qc2 Nf8 20. Nd6 Ne6 21. Rad1
Bc6 22. Qc4 b5 23. Nxb5 Qb7 24. Nh4 Bxb5 25. Bxd5 Bxc4 26. Bxb7 Bxb3 27. Bxa8
Bxd1 28. Be4 Bb3 29. f4 g5 30. Nf5 Bf8 31. Rf1 gxf4 32. gxf4 Rd2 33. Bc3 Rd1
34. Rxd1 Bxd1 35. Ne3 Bb3 36. f5 Nd4 37. Kf2 Nb5 38. Bb2 c4 39. Bd5 Bc5 40. a4
c3 41. Bxc3 Bxd5 42. axb5 Bc4 43. Kf3 Bxe3 44. Kxe3 Bxb5 45. Kf4 h6 46. Bd2 Kh7
47. Bb4 Bd3 48. Bf8 a5 49. e6 fxe6 50. fxe6 Kg6 51. Ke5 a4 52. Ba3 Bb5 53. Bb2
Kg5 54. Kd6 Kg4 55. e7 Kh3 56. Be5 a3 57. Kc7 a2 58. Kd8 a1=Q 59. Bxa1 Kxh2 60.
e8=R Bxe8 61. Kxe8 h5 62. Bf6 Kg3 63. Kd8 h4 64. Bxh4+ 1/2-1/2

[Event "USCL Week 6"]
[Site "?"]
[Date "2012.10.10"]
[Round "?"]
[White "Wheeler, Cameron"]
[Black "Costigan, Richard"]
[Result "1/2-1/2"]
[WhiteElo "2200"]
[BlackElo "2288"]
[PlyCount "93"]
[EventDate "2012.??.??"]

1. c4 Nf6 2. g3 g6 3. Bg2 d5 4. cxd5 Nxd5 5. Nc3 Nxc3 6. bxc3 Bg7 7. Nf3 O-O 8.
O-O Nc6 9. Rb1 b6 10. Qc2 Bb7 11. d4 Na5 12. e4 c5 13. d5 Ba6 14. Rd1 Qd7 15.
e5 Qe8 16. Qe4 f5 17. Qh4 Be2 18. Bh6 Bxf3 19. Bxf3 Bxh6 20. Qxh6 Rd8 21. Qf4
Qf7 22. Re1 Kh8 23. Rbd1 Qg7 24. h4 h6 25. Kg2 Kh7 26. Rh1 h5 27. Qg5 Rd7 28.
Rhe1 Qh6 29. Qxh6+ Kxh6 30. Be2 Rfd8 31. c4 Kg7 32. Kf3 Kh6 33. Rb1 e6 34. Rbd1
exd5 35. e6 Re7 36. cxd5 Kg7 37. Ba6 Rd6 38. Kf4 Kf6 39. f3 c4 40. Re3 c3 41.
Rxc3 Rexe6 42. Rc8 Re7 43. Rf8+ Kg7 44. Ra8 Kf6 45. Rf8+ Kg7 46. Ra8 Kf6 47.
Rf8+ 1/2-1/2

[Event "USCL Week 6"]
[Site "?"]
[Date "2012.10.10"]
[Round "?"]
[White "Ginsburg, Mark"]
[Black "Defibaugh, Jared"]
[Result "0-1"]
[WhiteElo "2400"]
[BlackElo "2357"]
[PlyCount "50"]
[EventDate "2012.??.??"]

1. c4 Nf6 2. Nc3 d5 3. cxd5 Nxd5 4. Nf3 Nxc3 5. bxc3 g6 6. g3 Bg7 7. Bg2 O-O 8.
O-O c5 9. Rb1 Nc6 10. c4 Qc7 11. d3 b6 12. Bd2 Bb7 13. h4 Rad8 14. Qc1 Rfe8 15.
Re1 e5 16. a4 a5 17. Ng5 Nb4 18. Bxb4 axb4 19. Bxb7 Qxb7 20. Qe3 h6 21. Nf3 e4
22. dxe4 Rxe4 23. Qb3 Bc3 24. Rf1 Rxe2 25. Nh2 Rd3 0-1

[Event "USCL Week 6"]
[Site "?"]
[Date "2012.10.10"]
[Round "?"]
[White "Enkhbat, Tegshsuren"]
[Black "Altounian, Levon"]
[Result "1/2-1/2"]
[WhiteElo "2509"]
[BlackElo "2493"]
[PlyCount "80"]
[EventDate "2012.??.??"]

1. d4 d5 2. c4 dxc4 3. e3 c5 4. Nf3 cxd4 5. Bxc4 Qc7 6. Bb3 dxe3 7. Bxe3 Nf6 8.
Nc3 Nc6 9. O-O e6 10. Nb5 Qa5 11. Nd6+ Bxd6 12. Qxd6 Ne4 13. Qf4 Qf5 14. Qh4
Nf6 15. Rac1 Qg4 16. Qxg4 Nxg4 17. Bc5 Bd7 18. Rfd1 Nf6 19. Nd2 b6 20. Ba3 Nd4
21. Bc4 Nb5 22. Bxb5 Bxb5 23. Rc2 Bd3 24. Rc3 Ba6 25. Rdc1 Rd8 26. Rc7 Rd7 27.
Nf3 Nd5 28. Rxd7 Kxd7 29. Ne5+ Ke8 30. Nc6 Kd7 31. Ne5+ Ke8 32. Nc6 f6 33. Nd4
Kd7 34. Rc6 Nf4 35. Rd6+ Kc7 36. Nxe6+ Nxe6 37. Rxe6 Rd8 38. Re7+ Rd7 39. Rxd7+
Kxd7 40. Bf8 g6 1/2-1/2

[Event "USCL Week 10"]
[Site "Internet Chess Club"]
[Date "2012.11.05"]
[Round "?"]
[White "Hendrickson, Nolan"]
[Black "Guenther, Travis"]
[Result "1-0"]
[WhiteElo "2202"]
[BlackElo "1969"]
[PlyCount "25"]
[EventDate "2012.??.??"]

1. e4 c6 2. d3 d5 3. Nd2 e5 4. Ngf3 Bd6 5. d4 exd4 6. Bd3 Ne7 7. O-O O-O 8. e5
Bc7 9. Nb3 Ng6 10. Ng5 Be6 11. Qh5 h6 12. Nxe6 fxe6 13. Qxg6 1-0

[Event "USCL Week 10"]
[Site "Internet Chess Club"]
[Date "2012.11.05"]
[Round "?"]
[White "Holt, Conrad"]
[Black "Diamant, Andre"]
[Result "1-0"]
[WhiteElo "2569"]
[BlackElo "2527"]
[PlyCount "53"]
[EventDate "2012.??.??"]

1. d4 Nf6 2. c4 g6 3. Nc3 Bg7 4. e4 d6 5. Nf3 O-O 6. h3 e5 7. d5 Nh5 8. g3 a5
9. Nh2 Na6 10. Be2 Nf6 11. Ng4 Nc5 12. Nxf6+ Bxf6 13. Be3 Bg5 14. Bxc5 dxc5 15.
h4 Bh6 16. Bg4 f5 17. Bh3 Qf6 18. Qd3 Bd7 19. Kd1 c6 20. h5 cxd5 21. Nxd5 Qg5
22. hxg6 hxg6 23. f4 exf4 24. gxf4 Qh5+ 25. Kc2 Qh4 26. Qf3 fxe4 27. Bxd7 1-0

[Event "USCL Week 10"]
[Site "Internet Chess Club"]
[Date "2012.11.05"]
[Round "?"]
[White "Gater, Daniel"]
[Black "Bregadze, Levan"]
[Result "0-1"]
[WhiteElo "2178"]
[BlackElo "2416"]
[PlyCount "82"]
[EventDate "2012.??.??"]

1. d4 Nf6 2. c4 c5 3. d5 d6 4. Nc3 e5 5. e4 Be7 6. Be2 Nbd7 7. Nf3 Nf8 8. O-O
Ng6 9. Ne1 Nf4 10. Bxf4 exf4 11. Nd3 g5 12. e5 dxe5 13. Nxe5 O-O 14. Bd3 Bd6
15. Nf3 h6 16. Qc2 Bg4 17. Nd2 Be5 18. Rfe1 Re8 19. f3 Bh5 20. Nb3 Kg7 21. Rad1
g4 22. Qf2 g3 23. Qd2 a5 24. Nb5 Nd7 25. Bf5 Nb6 26. Qc2 Qf6 27. Nxc5 Bd4+ 28.
Nxd4 Qxd4+ 29. Kh1 Qxc5 30. Qc3+ f6 31. Be6 Bf7 32. b3 Bxe6 33. dxe6 Rad8 34.
Rxd8 Rxd8 35. e7 Re8 36. Re6 Qf5 37. Qe1 Nd7 38. hxg3 Ne5 39. Rd6 Rxe7 40. g4
Qg5 41. Rd5 h5 0-1

[Event "USCL Week 10"]
[Site "Internet Chess Club"]
[Date "2012.11.05"]
[Round "?"]
[White "Recio, Miguel"]
[Black "Liou, Yian"]
[Result "0-1"]
[WhiteElo "2147"]
[BlackElo "2390"]
[PlyCount "88"]
[EventDate "2012.??.??"]

1. e4 c5 2. Nf3 e6 3. d4 cxd4 4. Nxd4 a6 5. Bd3 Nf6 6. O-O d6 7. Qe2 Qc7 8. c4
Be7 9. Nc3 O-O 10. Kh1 Nbd7 11. f4 Re8 12. Bd2 Bf8 13. Nf3 g6 14. Rae1 Nh5 15.
Qf2 b6 16. Qh4 Be7 17. Qh3 Nf8 18. b3 Bd7 19. g4 Ng7 20. Qh6 Bc6 21. Nd4 Bb7
22. f5 Qd8 23. Rf3 Bf6 24. Be3 exf5 25. gxf5 gxf5 26. Rg3 f4 27. Qxf4 Ng6 28.
Qh6 Bxd4 29. Bxd4 Nf5 30. Qh5 Nxd4 31. Rh3 Qf6 32. Qxh7+ Kf8 33. Qh6+ Qg7 34.
Qe3 Ne6 35. Bc2 Nc5 36. Rf1 Re6 37. Rhf3 Ne5 38. Rg3 Rg6 39. Rfg1 Re8 40. Qd4
Ree6 41. b4 Ncd7 42. Ba4 Rxg3 43. Rxg3 Qf6 44. Kg2 Ng6 0-1

[Event "USCL Week 10"]
[Site "Internet Chess Club"]
[Date "2012.11.05"]
[Round "?"]
[White "Lee, Andy"]
[Black "Rosenthal, Nicholas"]
[Result "1-0"]
[WhiteElo "2300"]
[BlackElo "2146"]
[PlyCount "71"]
[EventDate "2012.??.??"]

1. e4 e6 2. d4 d5 3. Nc3 Bb4 4. e5 c5 5. a3 Bxc3+ 6. bxc3 Ne7 7. Nf3 Nbc6 8. h4
Bd7 9. h5 h6 10. Rh4 Nf5 11. Rf4 g5 12. hxg6 fxg6 13. Rb1 h5 14. Rxb7 g5 15.
Rxf5 exf5 16. Bxg5 Qc8 17. Rb5 cxd4 18. cxd4 Ne7 19. Rc5 Qb7 20. e6 Bxe6 21.
Qe2 Qb6 22. Qe5 Rh7 23. Bb5+ Kf8 24. Qf6+ Kg8 25. Bc6 Nxc6 26. Qxe6+ Rf7 27.
Rxc6 Qb1+ 28. Kd2 Qf1 29. Qxd5 Re8 30. Rg6+ Kh8 31. Rh6+ Kg8 32. Be3 f4 33.
Qg5+ Rg7 34. Qxf4 Rxg2 35. Ng5 Qc4 36. Rg6+ 1-0